Missing Word: Video Game Protagonists Quiz Stats

 Plays Quiz Updated Jan 3, 2018

Score 0/20 Timer 03:00
0 Plays Today
Hint Missing Word % Correct
The Legend of Zelda: A Link to the ____Past
77.8%
Banjo-Kazooie: Nuts & ____Bolts
71.2%
Donkey Kong ____ 2: Diddy's Kong QuestCountry
51.4%
Conker's Bad ____ DayFur
48.9%
Sam & Max ____ the RoadHit
46.4%
Castlevania II: Simon's ____Quest
40.1%
Oddworld: Abe's ____ Oddysee
39.6%
Lara Croft and the ____ of OsirisTemple
39.6%
Phoenix Wright: Ace ____Attorney
39.1%
Leisure Suit Larry in the Land of the ____ LizardsLounge
35.1%
Hint Missing Word % Correct
Rayman ____ RabbidsRaving
32.3%
Uncharted: Drake's ____Fortune
30.8%
Crash Bandicoot: The ____ of CortexWrath
29.5%
Ratchet & Clank: Up Your ____Arsenal
27.4%
Michael Jackson's ____Moonwalker
25.9%
Max Payne 2: The ____ of Max PayneFall
20.3%
Duke Nukem: ____ ProjectManhattan
14%
Devil May Cry 3: Dante's ____Awakening
12.5%
Mortal Kombat ____: Sub-ZeroMythologies
11.7%
Earthworm Jim: Menace 2 the ____Galaxy
9.9%

Today's Daily Dose

Word Ladder
Bruno Mars Song

Get the Picture
Japanese Cars

You're not logged in!

Compare scores with friends on all Sporcle quizzes.
OR
Log In

You Might Also Like...

Show Comments

Extras

Top Quizzes Today


Score Distribution

Your Account Isn't Verified!

In order to create a playlist on Sporcle, you need to verify the email address you used during registration. Go to your Sporcle Settings to finish the process.

Report this User

Report this user for behavior that violates our Community Guidelines.

Details: